Introducción a la filosofía del derecho

Guardado en:
Detalles Bibliográficos
Autor principal: Peces-Barba Martínez, Gregorio (autor)
Formato: Libro
Lenguaje:español
Publicado: Madrid Debate 1988
Colección:Debate Colección Universitaria
Materias:
Etiquetas: Agregar Etiqueta
Sin Etiquetas, Sea el primero en etiquetar este registro!

MARC

LEADER 00000nam a2200000 a 4500
001 UCV1150
003 CL-VaPUC
008 891113e19880000SP |||||||||||||||||spa|d
082 0 4 |a 340.109  |b PEC  |2 21 
100 |a Peces-Barba Martínez, Gregorio  |e autor  |9 576567 
245 1 0 |a Introducción a la filosofía del derecho 
300 |a 370 p 
942 |c BK 
945 |d 19891113 00:00:00 
260 |a Madrid  |b Debate  |c 1988 
650 7 |a DERECHO  |2 CL-VaPUC  |9 295389 
650 7 |a TEORIA  |2 CL-VaPUC  |9 295390 
650 0 |a Filosofía del derecho   |9 255050 
583 |a last modification  |c 19891113 00:00:00  |k Rodrigo Vera 
490 0 |a Debate Colección Universitaria 
999 |c 209186  |d 209184 
952 |0 0  |1 0  |4 0  |6 340_109000000000000_PEC_1988  |7 0  |8 DER_TF  |9 184487  |a BIBDER  |b BIBDER  |d 2019-11-14  |i 2517507  |o 340.109 PEC 1988  |p 2517507  |r 2023-01-25  |w 2019-11-14  |x Ubicación 4to Piso  |y BK  |z Estos recursos deben solicitarse con anticipación  |k DER